Media/Society (Record no. 32466)

MARC details
000 -LEADER
fixed length control field 00495nam a2200193Ia 4500
020 ## - INTERNATIONAL STANDARD BOOK NUMBER
ISBN 9781071819357
050 ## - CALL MARK
Classification number P 87 .C76/
100 ## - STATEMENT OF RESPONSIBILITY--MAIN AUTHOR NAME
Personal name Croteau, David
245 #0 - TITLE STATEMENT
Title Media/Society
250 ## - EDITION / VOLUME STATEMENT
Edition / Volume statement 7th ed.
260 ## - PUBLICATION, DISTRIBUTION, ETC. (IMPRINT)
Place of publication California
260 ## - PUBLICATION, DISTRIBUTION, ETC. (IMPRINT)
Name of publisher Sage
260 ## - PUBLICATION, DISTRIBUTION, ETC. (IMPRINT)
Year of publication 2022
300 ## - PHYSICAL DESCRIPTION
Number of Pages 497 p
650 ## - SUBJECT ADDED ENTRY--TOPICAL TERM
Topical Term Mass media--Social aspects--United States. Mass media--Political aspects--United States.
942 ## - ADDED ENTRY ELEMENTS (KOHA)
Koha item type Books
Holdings
Withdrawn status Lost status Source of classification or shelving scheme Damaged status Not for loan Permanent Location Current Location Shelving location Date acquired Accession Number Price effective from Koha item type
    Library of Congress Classification     NILE UNIVERSITY OF NIGERIA - MAIN LIBRARY NILE UNIVERSITY OF NIGERIA - MAIN LIBRARY Items on shelf 04/23/2025 0196776 04/23/2025 Books